Lignes 9 à 89 réseau ilevia - Statistiques

Statistiques générales
  • Ce quiz a été pris 49 fois
    16 depuis la dernière actualisation
  • Le résultat moyen est 31 sur 102
Statistiques - réponses
Hint Réponse % Correct
9 | 10 | 51 Gare Lille Flandres
71%
17 | 30 | 35 | +3 others Tourcoing Centre
57%
75 | 82/ | 86 | 88/ Comines Gare
50%
86 | 88 Gare Lille Europe
50%
13 | 18 | 32 Villeneuve d'Ascq Hôtel de Ville
50%
50 Grand St André
43%
66 Leers Centre Commercial
43%
34 | 35 | 36/ | 78 Roubaix Eurotéléport
43%
36 Croix St Pierre
36%
13/ Fort de Mons
36%
36 Hem la Vallée
36%
33 | 60E Leers Cœur de Ville
36%
60E Les Prés Edgard Pisani
36%
13 | 52 Lille Fives
36%
18 Lomme Anatole France
36%
10/ Lomme Hegel
36%
61 | 62 | 64 | +4 others Lomme St Philibert
36%
33 Tourcoing Einstein
36%
34 | 73 Villeneuve d'Ascq Pont de Bois
36%
17 Wattrelos Centre
36%
35/ Wattrelos Quartier Beaulieu
36%
65 | 81 | 82 Armentières Gare
29%
89 Bondues Norbert Ségard
29%
36/ Hem la Vallée 2
29%
33/ Leers Nord Belgique
29%
55 Lille CHU Eurasanté
29%
82 Tourcoing Pont de Neuville
29%
88 Wambrechies Chariot d'Or
29%
30 | 32 Wasquehal JP Sartre
29%
72 | 73/ | 78 Baisieux Maison d'Accueil
21%
84 Comines Les Glycines
21%
36/ Forest Rue de Tressin
21%
76 Lille Bayart
21%
15 | 52 | 67 Lille Porte de Douai
21%
87 Linselles Cimetière
21%
50 Marcq Ferme aux Oies
21%
14 Marquette les Voiles
21%
32/ Villeneuve d'Ascq Jean Jaurès
21%
14/ Wattignies Cimetière
21%
66 | 68 | 72 4 Cantons Grand Stade
14%
81/ Armentières Place Thiers
14%
13/ Campus
14%
80 Erquinghem Lys Rue du Moulin
14%
66/ Forest Église
14%
73 Gruson Calvaire
14%
82/ Houplines Collège
14%
61 | 62 | 64 La Bassée Gare
14%
51 Lambersart Conquérants
14%
68 Lesquin Aéroport
14%
15 Lesquin Verdun
14%
10 Lille CHU Centre Oscar Lambret
14%
86/ Linselles Place
14%
58 Loos Eurasanté Epi de Soil
14%
76/ | 81 Quesnoy Blanche Porte
14%
58 Santes Marais
14%
55/ Seclin Centre Hospitalier
14%
55 Seclin Le Riez
14%
67 Vendeville Hameau de l'Europe
14%
51/ Verlinghem Mairie
14%
14 Wattignies Marais
14%
80/ | 82/ Armentières Collège Jean Rostand
7%
82/ Deulémont Mairie
7%
82/ Wevicq Sud Curie
0%
Aucun quiz correspondant
Distribution des résultats
% des personnes avec chaque résultat
Percentile par nombre de réponses
Votre historique - résultats
Vous n’avez pas pris ce quiz depuis la dernière actualisation